| 000 | 00403nam a22001697a 4500 | ||
|---|---|---|---|
| 003 | NUST - PNEC | ||
| 005 | 20170116181006.0 | ||
| 008 | 150912b xxu||||| |||| 00| 0 eng d | ||
| 020 | _a- | ||
| 040 | _cLIBRARY | ||
| 082 | _a621.3848 LEO | ||
| 100 |
_99823 _aLeonov, A. I. |
||
| 245 |
_aMonopulse radar _cA. I. Leonov |
||
| 260 | _cc.1986 | ||
| 650 |
_99826 _aMonopulse radar _xEL |
||
| 942 |
_2ddc _cBK |
||
| 999 |
_c66891 _d66891 |
||